Chmury - rodzaje, gatunki, odmiany - Statystyki

Ogólne statystyki
  • Ten quiz został rozwiązany 52 razy
  • Średni wynik to 14 z 34
Statystyki odpowiedzi
Zagadnienie Odpowiedź % Poprawnych
w umiarkowanych szerokościach rzadko opady, na zwrotnikach leje
Cumulus
79%
białe włókna, bez opadów, z lodu
Cirrus
76%
zasłona włóknista, biała, bez opadów, z lodu
Cirrostratus
62%
burzowa, rozbudowana i masywna
Cumulonimbus
56%
gruba, deszczowa, rozmyta, intensywny deszcz
Nimbostratus
56%
słup/stożek wyrastający z chmury, ruchy wirowe, Cu, Cb
tuba
56%
ławica członów rozmyta, białoszara, bez opadów, z wody/lodu
Altocumulus
50%
rozbudowane części chmury o dużej rozciągłości pionowej, Cu
congestus
47%
soczewka, migdał, Cc, Ac, Sc
lenticularis
47%
ławica małych ziaren, biała, bez opadów, z kryształków lodu
Cirrocumulus
44%
wiszące wypukłości na spodniej części chmury przypominające woreczki, Ci, Cc, Ac, As, Sc, Cb
mamma
44%
ławica walców, białoszara, każdy opad przelotny
Stratocumulus
44%
opad, który dociera do powierzchni Ziemi, As, Ns, St, Sc, Cu, Cb
praecipatio
41%
szara warstwa chmur, mżawka, śnieg
Stratus
41%
opad, który nie dociera do powierzchni Ziemi (pionowe lub skośne smugi), Cc, Ac, Cu, Cb, As, Ns, Sc
virga
41%
wierzchołek chmury w kształcie kowadła, Cb
incus
38%
metna, mglista zasłona, Cs, As, St
nebulosus
38%
poszarpana część chmury, tworząca wiszącą warstwę pod inną chmurą, As, Ns, Cu, Cb
pannus
38%
słabo rozbudowana w poziomie, w kształcie czapki nad chmurą, Cu, Cb
pileus
38%
warstwa, płat, Cc, Ac, Sc
stratiformis
38%
zwarty walec/łuk z poszarpanymi krawędziami w przedniej dolnej części chmury, Cu, Cb
arcus
35%
wyraźnie rozbudowane wieżyczki, Ci, Cc, Ac, Sc
castellanus
35%
pojedyncze kępki, Cc, Ac, Sc
floccus
35%
długa, pozioma chmura o walcowatym kształcie (rotorowa), Sc, Ac
volutus
35%
proste lub zakrzywione pojedyncze włókna, Ci, Cs
fibratus
32%
wypukłe wierzchołki chmury o umiarkowanej rozciagłości pionowej, Cu
mediocris
32%
grzywiaste i poszarpane zarysy krawędzi kłębów, Cb
capillatus
29%
w kształcie woalki, silnie rozbudowana w pionie, nad chmurą, Cu, Cb
velum
29%
gładkie zarysy krawędzi kłębów, Cb
calvus
26%
wyraźnie postrzępione i nieregularne kłęby, St, Cu
fractus
26%
spłaszczone części chmury o małej rozciagłości pionowej, Cu
humulis
26%
haczykowate części chmury, Ci
uncinus
26%
gesto splątane włókna, chmura wydaje się być szara, Ci
spissatus
24%
szara warstwa chmur, słabo widoczne Słońce, deszcz, śnieg, ziarna lodowe
Altostratus
12%
Nie znaleziono quizów pasujących do podanych kryteriów
Rozkład punktacji
Procent ludzi z każdym wynikiem
Percentyl według liczby udzielonych odpowiedzi
Twoja historia wyników
Nie rozwiązałeś tego quizu